|
|
|
|
| LEADER |
00000nam a2200000 a 4500 |
| 001 |
vtls001236371 |
| 003 |
SK-MaSNL |
| 005 |
20260301183722.0 |
| 008 |
250414s1991 xo 0 cze |
| 020 |
|
|
|a 8071340219
|q (zv. 3)
|q (čes.)
|
| 035 |
|
|
|a SNK000183379
|
| 040 |
|
|
|a SNK
|b slo
|c SNK
|e AACR2
|
| 041 |
0 |
|
|a cze
|
| 044 |
|
|
|a xo
|c SK
|
| 080 |
|
|
|a 087.5(084)=850
|2 1981
|
| 100 |
1 |
|
|a Disney, Walt,
|d 1901-1966
|4 aut
|9 228783
|
| 245 |
1 |
0 |
|a Mickey Mouse 3
|h Grafika
|c Walt Disney ; Marianna Černá, Peter Cpin
|
| 260 |
|
|
|a Bratislava
|b Egmont
|c 1991
|e Bandská Bystrica
|f Tlačiarne
|
| 300 |
|
|
|a 36 s.+1 l.
|c 24,3x17 cm
|
| 366 |
|
|
|e 19 Kčs
|
| 500 |
|
|
|a Komiks. ISBN 80-7134-018-9 (súbor). Spolutlač. Neografia, Martin.
|
| 500 |
|
|
|a Prel. Marianna Černá. Graf. úpr. Peter Cpin.
|
| 655 |
|
7 |
|a beztextové leporelá
|2 SNK
|9 63057
|
| 700 |
1 |
|
|a Černá, Marianna
|4 oth
|9 380711
|
| 700 |
1 |
|
|a Cpin, Peter
|4 oth
|9 276697
|
| 852 |
|
|
|a Slovenská národná knižnica
|
| 919 |
|
|
|a 80-7134-021-9 (zv. 3) (čes.)
|
| 954 |
|
|
|a komiksy
|a seriály kreslené detské
|a hračky knižné
|
| 958 |
|
|
|a BQ
|
| 958 |
|
|
|a DB
|
| 958 |
|
|
|a LX
|
| 958 |
|
|
|a TL
|
| 999 |
|
|
|c 858021
|d 859951
|
| 952 |
|
|
|a SNK
|b SNK
|y PREZ
|7 0
|p 17A0966993
|o snkSC 79018/3
|0 0
|1 0
|4 0
|d 2012-08-09
|l 0
|r 2026-02-24 05:02:45
|w 2026-02-24
|
| 952 |
|
|
|t P60, <05>, [BOOK], {605}
|a SNK
|b SNK
|y PREZ
|7 0
|p 17A0335636
|o snkSC 79018/3 D1
|i snkKSP 3012/91
|0 0
|1 0
|4 0
|d 2002-03-11
|l 0
|r 2005-01-01 00:00:00
|w 2026-02-24
|